I Think I Like You Better When You're Gone - Renee Rapp (All Lyrics) - Statistics

General Stats
  • This quiz has been taken 59 times
  • The average score is 281 of 298
Answer Stats
Lyrics % Correct
a
100%
Across
100%
and
100%
And
100%
(And
100%
better
100%
count
100%
country
100%
fucking
100%
I
100%
like
100%
that
100%
the
100%
think
100%
to
100%
when
100%
you
100%
you're
100%
away
97%
But
97%
disappear
97%
drink,
97%
feeling,
97%
feeling
97%
fun,
97%
funny
97%
gone
97%
got
97%
here
97%
I'm
97%
just
97%
know
97%
might
97%
miles
97%
miss
97%
more
97%
supposed
97%
thousand
97%
Three
97%
were
97%
We're
97%
were)
97%
wish
97%
something's
95%
wrong
95%
days
92%
me
92%
of
92%
Counting
90%
different
90%
in
90%
mind
90%
Out
90%
out
90%
sight,
90%
Admit
87%
down
87%
it
87%
little
87%
makes
87%
sad
87%
ways,
87%
drunk
85%
Had
85%
my
85%
back
82%
back)
82%
face
82%
from
82%
two
79%
until
79%
bags
77%
didn't
77%
nobody,
77%
packing
77%
timezones
77%
don't
74%
get
74%
(Get
74%
I've
74%
right?
74%
mm
72%
Mm
72%
(Mm
72%
mm)
72%
week
72%
kill
69%
One
69%
shit
64%
Even
56%
all
44%
with
31%
(Baby)
10%
No matching quizzes found
Score Distribution
Percent of People with Each Score
Percentile by Number Answered
Your Score History
You have not taken this quiz